| 000 | 00349nam a2200145Ia 4500 | ||
|---|---|---|---|
| 005 | 20251222141905.0 | ||
| 008 | 251222s9999||||xx |||||||||||||| ||spa|| | ||
| 020 | _a9788493839918 | ||
| 082 | _a616.462.06/C46 | ||
| 100 | _aCentelles Forner, Victoria | ||
| 245 | 0 | _aCómo Vencer la Diabetes: | |
| 250 | _a1ra. ed. | ||
| 264 | _bAvance | ||
| 942 | _cLIB | ||
| 999 |
_c8187 _d8187 |
||